LDR 00643naa#a2200217#i#450# 001 EN\\bibl\121830 005 20260428193735.2 011 ## _a3034-4689 100 ## _a20260424b2026####ek#y0engy0150####ca 102 ## _aRU 200 1# _aVERIFICATION OF A CFD-TFM MODEL FOR A FLUIDIZED BED CATALYST IN THE FISCHER-TROPSCH PROCESS _eJournal article 210 1# _aKazan _cKazan National Research Technological University _d2026 215 ## _a5 с. 608 ## _aJournal article _2local 700 #1 _aRodionov _gI. S. 700 #1 _a _g 700 #1 _a _g 700 #1 _aAnisimova _gV I 700 #1 _a _g 700 #1 _aKharlampidi _gKharlampij Evklidovich 856 4# _avestniktu.ru _u